State Capitals Containing the Letter M - Statistics

General Stats
  • This quiz has been taken 168 times
  • The average score is 11 of 12
Answer Stats
Answer % Correct
Montpelier
97%
Madison
94%
Montgomery
94%
Columbus
93%
Olympia
93%
Sacramento
93%
Bismarck
92%
Columbia
90%
Salem
90%
Oklahoma City
89%
Richmond
86%
Des Moines
85%
No matching quizzes found
Score Distribution
Percent of People with Each Score
Percentile by Number Answered
Your Score History
You have not taken this quiz